Responses for Show #6019 - Thursday, November 11, 2010

2010-B College Championship quarterfinal game 4.

Contestants

[<< previous game]

Tim Relihan, a senior from the University of Nebraska from Stromsburg, Nebraska

Steph Gagelin, a sophomore from the University of North Dakota from Grand Forks, North Dakota

Marshall Flores, a senior from Arizona State University from Avondale, Arizona

[next game >>]

Jeopardy! Round responses

VETERANS DAY
COLLEGE RADIO
BUTTERFLIES & MOTHS
MYSTERY MEAT
LOOK IN THE TRUNK
NUMERIC PHRASES
    $200 21
World War I

Marshall
    $200 2
(Tim: What are Vines?)
(Steph: What are Leaves?)
(Marshall: What are Branches?)

Roots

MarshallStephTim
Triple Stumper
    $200 26
hummingbirds

Steph
    $200 1
U.S. Department of Agriculture

Steph
    $200 7
Mardi Gras

Tim
    $200 16
a baker's dozen

Steph
    $400 22
(Steph: What is Armistice Day?)

Remembrance Day

Steph
Triple Stumper
    $400 3
Chicago

Steph
    $400 27
the monarch butterfly

Marshall
    $400 12
botulism

Steph
    $400 8
a Rubik's Cube

Tim
    $400 17
to plead the Fifth

Steph
    $600 23
the Tomb of the Unknown Soldier

Tim
    $600 4
Puget Sound

Steph
    $600 28
bats

Tim
    $600 13
kosher

Steph
    $600 9
the University of Nebraska

Tim
    $600 18
9Lives

Steph
    $800 24
(Tim: Who is President Truman?)

President Eisenhower

MarshallTim
    $800 5
Minnesota

Tim
    $1,800 29
(Tim: What is... the aura?)

a chrysalis

Tim
    $800 14
Sandwich

Tim
    $800 10
a shark jaw

Steph
    $800 19
a second wind

Steph
    $1000 25
(Alex: "The poppies blow between the crosses...")

"In Flanders Fields"

Steph
    $1000 6
Rocks

Steph
    $1000 30
pheromones

Marshall
    $1000 15
liverwurst

Marshall
    $1000 11
(Steph: What is a gourd?)

a coconut

StephTim
    $1000 20
the third rail

Triple Stumper

Scores at the first commercial break (after clue 15):

Marshall Steph Tim
$800 $2,800 $3,600

Scores at the end of the Jeopardy! Round:

Marshall Steph Tim
$3,200 $5,600 $2,200

Double Jeopardy! Round responses

LANDMARKS
DESCRIBING THE OLYMPIC SPORT
WRITERS ON THE MOVE
NAMED FOR PEOPLE
MISCELLANEOUS MEASURES
KEEPIN' IT "REAL"
    $400 13
the Eiffel Tower

Steph
    $400 1
diving

Marshall
    $400 7
France

Tim
    $400 18
the guillotine

Tim
    $400 22
a carat

Marshall
    $400 2
real estate

Tim
    $800 14
a giraffe

Marshall
    $800 9
archery

Steph
    $800 8
Herman Melville

Tim
    $800 19
the Ferris wheel

Tim
    $800 23
a barrel

Steph
    $800 3
real time

Steph
    $1200 15
a tunnel

Steph
    $1200 10
gymnastics

Steph
    $1200 28
Anthony Bourdain

Marshall
    $1200 20
the Queen Mary

Marshall
    $1200 24
caliber

Tim
    $1200 4
(Steph: What is realism?)

surreal

MarshallSteph
    $1600 16
castle

Marshall
    $1,000 11
rowing

Steph
    $1,000 29
Mexico

Marshall
    $1600 21
(Steph: What is Salk?)

Ernest Lawrence

Steph
Triple Stumper
    $1600 25
a decibel

Tim
    $1600 5
the real thing

Triple Stumper
    $2000 17
Shanghai

Tim
    $2000 12
tae kwon do

Marshall
    $2000 30
(Tim: Who is Solzhenitsyn?)

Vladimir Nabokov

Tim
Triple Stumper
    $2000 27
Senator Everett Dirksen

Triple Stumper
    $2000 26
(Steph: What is a ream?)

a quire

Steph
Triple Stumper
    $2000 6
Real Simple

Triple Stumper

Scores at the end of the Double Jeopardy! Round:

Marshall Steph Tim
$13,000 $7,000 $7,800

Final Jeopardy! Round responses

THE 1930s
StephWhat is the Dust Bowl?
$6,999
TimWhat is the dust Bowl?
$7,000
MarshallWhat is the Dust Bowl?
$2,601
the Dust Bowl

Final scores:

Marshall Steph Tim
$15,601 $13,999 $14,800
Automatic semifinalist 3rd place: $5,000 if eliminated 2nd place: $5,000 if eliminated

Game dynamics:

Coryat scores:

Marshall Steph Tim
$13,600 $7,600 $9,600
14 R
(including 1 DD),
1 W
20 R
(including 1 DD),
6 W
16 R,
4 W
(including 1 DD)

Combined Coryat: $30,800

[game clues] [game scores] [suggest correction]

Game tape date: 2010-10-18
The J! Archive is created by fans, for fans. Scraping, republication, monetization, and malicious use prohibited; this site may use cookies and collect identifying information. See terms. The Jeopardy! game show and all elements thereof, including but not limited to copyright and trademark thereto, are the property of Jeopardy Productions, Inc. and are protected under law. This website is not affiliated with, sponsored by, or operated by Jeopardy Productions, Inc. Join the discussion at JBoard.tv.